000 00611nam a2200181Ia 4500
008 090124s9999 xx 000 0 und d
082 _b32283
_a4439
100 _aजाधव रा. ग.
245 _a काही नोंदी - काही निरीक्षणे
250 _a1
260 _c2000
300 _a138
600 _aजाधव रा. ग.
630 _a काही नोंदी - काही निरीक्षणे
700 _aजाधव रा. ग.
730 _a काही नोंदी - काही निरीक्षणे
942 _cBOOK
999 _c145762
_d145762